Bibliografía de arqueología y etnografía (Record no. 9324)

MARC details
000 -CABECERA
campo de control de longitud fija 01113nam a2200289 a 4500
001 - NÚMERO DE CONTROL
campo de control BRL_512
005 - FECHA Y HORA DE LA ÚLTIMA TRANSACCIÓN
campo de control 20190320210757.0
008 - DATOS DE LONGITUD FIJA--INFORMACIÓN GENERAL
campo de control de longitud fija 230813s1962----mx-#######---#000-0#spa-#
041 ## - CÓDIGO DE LENGUA
Código de lengua del texto/banda sonora o título independiente spa
044 ## - CÓDIGO DEL PAÍS DE LA ENTIDAD EDITORA/PRODUCTORA
Código MARC del país mx
050 #4 - SIGNATURA TOPOGRÁFICA DE LA BIBLIOTECA DEL CONGRESO
Número de clasificación Z1209
-- .B47 1962
100 1# - ENTRADA PRINCIPAL--NOMBRE DE PERSONA
Nombre de persona Bernal, Ignacio
9 (RLIN) 778
245 10 - MENCIÓN DE TÍTULO
Título Bibliografía de arqueología y etnografía
Resto del título Mesoamérica y Norte de México, 1514-1960
Mención de responsabilidad, etc. Ignacio Bernal.
260 ## - PUBLICACIÓN, DISTRIBUCIÓN, ETC.
Lugar de publicación, distribución, etc. México
Nombre del editor, distribuidor, etc. Instituto Nacional de Antropología e Historia
Fecha de publicación, distribución, etc. 1962
300 ## - DESCRIPCIÓN FÍSICA
Extensión 634 p.
Dimensiones 33 cm.
440 #0 - MENCIÓN DE SERIE/PUNTO DE ACCESO ADICIONAL--TÍTULO
Título Instituto Nacional de Anthropología e Historia. Memorias
Nombre de parte o sección de la obra 7
9 (RLIN) 24149
500 ## - NOTA GENERAL
Nota general Au539.
500 ## - NOTA GENERAL
Nota general Ejemplar intonso.
500 ## - NOTA GENERAL
Nota general Edición conmemorativa en ocasión de la xxxv reunión del congreso internacional de americanistas agosto, 1962.
500 ## - NOTA GENERAL
Nota general Tiene desgarrada la cubierta.
650 14 - PUNTO DE ACCESO ADICIONAL DE MATERIA--TÉRMINO DE MATERIA
Término de materia o nombre geográfico como elemento de entrada Indígenas de América Central
Subdivisión de forma Bibliografía
9 (RLIN) 24150
650 14 - PUNTO DE ACCESO ADICIONAL DE MATERIA--TÉRMINO DE MATERIA
Término de materia o nombre geográfico como elemento de entrada Indígenas de México
Subdivisión de forma Bibliografía
9 (RLIN) 24151
651 #4 - PUNTO DE ACCESO ADICIONAL DE MATERIA--NOMBRE GEOGRÁFICO
Nombre geográfico América Central
Subdivisión de forma Bibliografía
Subdivisión general Antigüedades
9 (RLIN) 24152
651 #4 - PUNTO DE ACCESO ADICIONAL DE MATERIA--NOMBRE GEOGRÁFICO
Nombre geográfico México
Subdivisión de forma Bibliografía
Subdivisión general Antigüedades
9 (RLIN) 24153
902 ## - CATALOGADOR
Iniciales GRL
942 ## - ELEMENTOS DE PUNTO DE ACCESO ADICIONAL (KOHA)
Fuente del sistema de clasificación o colocación Library of Congress Classification
Tipo de ítem Koha Libros
Holdings
Estado de retiro Estado de pérdida Estado dañado No para préstamo Localización permanente Ubicación/localización actual Fecha de adquisición Número de inventario Total de préstamos Signatura topográfica completa Código de barras Fecha visto por última vez Precio válido a partir de Tipo de ítem Koha
El ejemplar forma parte de la colección y puede ser consultado según las políticas vigentes.       Biblioteca Centro de Estudios Ruth D. Lechuga Biblioteca Centro de Estudios Ruth D. Lechuga 23/08/2013 Au539.   Z1209 .B47 1962 (Au539.) GRL00562 22/03/2019 22/03/2019 Libros